Statistics for Chinese divisions by population

Click here to take the quiz!

General Stats

  • This quiz has been taken 11 times
  • The average score is 23 of 31

Answer Stats

PopulationFirst letterDivision% Correct
96,578,193HHenan
100%
59,425,807HHubei
100%
123,353,537GGuangdong
83%
76,754,912*HHebei
83%
72,536,775*HHunan
83%
23,626,693IInner Mongolia
83%
78,311,678JJiangsu
83%
98,421,706SShandong
83%
35,314,620*SShanxi
83%
80,531,612SSichuan
83%
2,846,124TTibet
83%
21,356,972XXinjiang
83%
50,317,921AAnhui
67%
18,536,262BBeijing
67%
29,536,526CChongqing
67%
38,293,094FFujian
67%
27,276,624*GGansu
67%
47,056,212GGuangxi
67%
33,123,333GGuizhou
67%
8,267,420HHainan
67%
36,462,104HHeilongjiang
67%
53,673,240*JJiangxi
67%
24,543,824JJilin
67%
39,943,220*LLiaoning
67%
5,326,653NNingxia
67%
6,252,614QQinghai
67%
33,827,901SShaanxi
67%
17,352,606SShanghai
67%
14,424,036TTianjin
67%
54,403,897*YYunnan
67%
65,525,625ZZhejiang
67%

Score Distribution

Percentile by Number Answered

Percent of People with Each Score

Your Score History

You have not taken this quiz